| 000 | 00586nam a22001937a 4500 | ||
|---|---|---|---|
| 999 |
_c195567 _d195567 |
||
| 005 | 20230405113318.0 | ||
| 010 | _aENG-136608 | ||
| 020 |
_a9789390670796 _c499.00 |
||
| 035 | _aEN-120140 | ||
| 037 | _bDBAD/PUB | ||
| 082 |
_a328.5409 _2First |
||
| 100 | _aDas, Ramakanta | ||
| 245 |
_aPaliament Of India / _cBy Ramakanta Das |
||
| 250 | _aFirst | ||
| 260 |
_aHaryana _bEarth Vision Publications _c2023 |
||
| 270 |
_aH-23,/16, DLF, Phase 1, Gurugram _bNew Delhi _e122002 _k7015676289 |
||
| 300 |
_aviii,357p.; _c21cm(pbk) _bIndex |
||
| 942 |
_2ddc _cEN _h328.5409 _mRAM |
||